LIBRARY ONLINE CATALOGUE

Transformation of an industrial claster : (Record no. 13082)

MARC details
000 -LEADER
fixed length control field 00624nam a22001932 4500
001 - CONTROL NUMBER
control field 0000007355
005 - DATE AND TIME OF LATEST TRANSACTION
control field 20151217155834.0
008 - FIXED-LENGTH DATA ELEMENTS--GENERAL INFORMATION
fixed length control field 080115s xx 000 0 eng d
020 ## - INTERNATIONAL STANDARD BOOK NUMBER
International Standard Book Number 9966948872 :
Terms of availability KES
040 ## - CATALOGING SOURCE
Original cataloging agency KABU
Transcribing agency KABU
100 1# - MAIN ENTRY--PERSONAL NAME
Personal name Akoten, John E.
-- 0000158571
245 10 - TITLE STATEMENT
Title Transformation of an industrial claster :
Remainder of title the case of metalworking in Nairobi /
Statement of responsibility, etc. John E. Akoten.
260 ## - PUBLICATION, DISTRIBUTION, ETC. (IMPRINT)
Place of publication, distribution, etc. Nairobi :
Name of publisher, distributor, etc. IPAR,
Date of publication, distribution, etc. 2007.
300 ## - PHYSICAL DESCRIPTION
Extent iv, 35 p.
650 #0 - SUBJECT ADDED ENTRY--TOPICAL TERM
Topical term or geographic name as entry element Metalworking industries
Location of event Nairobi
Geographic subdivision Kenya.
-- 0000158572
908 ## - PUT COMMAND PARAMETER (RLIN)
Put command parameter 080115
950 ## - LOCAL HOLDINGS (RLIN)
-- 1
Holdings
Withdrawn status Lost status Source of classification or shelving scheme Not for loan Home library Current library Date acquired Total Checkouts Full call number Barcode Date last seen Price effective from Koha item type
    Library of Congress Classification   Kabarak, Main Campus Kabarak, Main Campus 17/12/2015   HD9506 .K43N3A36 011855 17/12/2015 17/12/2015 Africana Collection